000 01506nam a2200481 i 4500
001 10155
003 KOSZ 005
005 20191015140921.0
008 080218s1967 pl a f |000 0 pol
015 _aPB 1967/4950
035 _a991039840859705066
035 _a(PL-WaBN)b20661435-48omnis_nlop
035 _ab20661435
035 _a(OCoLC)805387972
035 _a(PL)b0000002066143
035 _a(EXLNZ-48OMNIS_NETWORK)9910031586505606
040 _aWA N
_cWA N
_dKOSZ 005/EG
046 _k1956
080 _a699.8
080 _a(07)
100 1 _aMatławski, Stanisław
_eAutor
245 1 0 _aWykonywanie izolacji przeciwwilgociowych /
_cStanisław Matławski, Zygmunt Wczelik.
250 _aWyd. 3 popr.
260 _aWarszawa :
_b"Arkady",
_c1967.
300 _a90 s. :
_bil. ;
_c23 cm.
336 _2rdacontent
_aTekst
_btxt
337 _2rdamedia
_aBez urządzenia pośredniczącego
_bn
338 _2rdacarrier
_aWolumin
_bnc
380 _aKsiążki
380 _aPublikacje fachowe
388 _a1901-2000
388 _a1945-1989
504 _aBibliogr.
521 8 _aDla robotników.
650 7 _aHydroizolacje
_2DBN
655 7 _aPodręczniki
_2DBN
658 _aInżynieria i technika
700 1 _aWczelik, Zygmunt
_eAutor
710 2 _aWydawnictwo Arkady
_4pbl
856 _uhttp://koha.tu.koszalin.pl/cgi-bin/koha/opac-detail.pl?biblionumber=10155
_yKatalog online BPK
942 _2UKD
_cKS
999 _c10155
_d10155